000 00733nam a22002417a 4500
003 0
005 20250822090305.0
008 250822b xxu||||| |||| 00| 0 eng d
020 _a978-0-357-79365-7
050 _aLB 2369
_b.R67 2024
100 _aRosenwasser, David,
_eauthor.
245 _aWriting analytically /
_cDavid Rosenwasser and Jill Stephen.
250 _a9th ed.
260 _aBoston, MA :
_bCengage,
_c2024.
300 _axxxi, 474 pages ;
_c23 cm.
504 _aIncludes index.
650 _aThesis writing.
650 _aResearch.
650 _aAcademic writing
_xStudy and teaching (Higher).
650 _aReport writing
_xStudy and teaching (Higher).
700 _aStephen, Jill,
_eauthor.
942 _2lcc
_cBK
999 _c367558
_d367558